Poradensto v profesijnom vývine, pri voľbe povolania a výbere zamestnania

Bibliographic Details
Main Authors: Kostolanský, Rudolf (Author), Lepeňová, Darina (Author), Škodáčková, Jela (Author)
Format: Article
Language:Slovak
Subjects:

MARC

LEADER 00000nab a2200000 a 4500
001 vtls000541316
003 SK-MaSNL
005 20260304091951.0
008 250425c1995 xo 0 slo
015 |a SNBRB19rr/mm-uuuuu 
035 |a CL0541454 
035 |a urn:nbn:sk:snk-ab30an 
035 |a (urnnbn)urn:nbn:sk:snk:ar-a04c6g 
035 |a (uuid)ded44637-4c9f-4a83-b8bd-4c912a9804f2 
040 |a SNKBUCL  |b slo  |c SNKBUCL  |e AACR2 
041 0 |a slo 
044 |a xo  |c SK 
080 |a 331.548  |2 1981 
080 |a 37.048.4  |2 1981 
100 1 |a Kostolanský, Rudolf  |4 aut  |9 227368 
245 1 0 |a Poradensto v profesijnom vývine, pri voľbe povolania a výbere zamestnania  |c Rudolf Kostolanský, Darina Lepeňová, Jela Škodáčková 
300 |b Sch. 1 
650 0 7 |a poradenstvo pre voľbu povolania  |2 snkbucl  |9 893993 
655 7 |a články z novín a časopisov  |2 snkbucl  |9 267496 
700 1 |a Lepeňová, Darina  |4 aut  |9 403118 
700 1 |a Škodáčková, Jela  |4 aut  |9 1001833 
773 0 |t Práca a sociálna politika  |g Roč. 3, č. 1 (1995), s. 17-19  |x 1210-5643 
850 |a Slovenská národná knižnica 
852 |a Slovenská národná knižnica 
954 |a odborná, vedecká literatúra pôvodná (slovenská)  |2 lita 
958 |a article27 
958 |a RK 
958 |a OND 
958 |a EUIPO 
992 |a RBX 
999 |c 2817621  |d 2819551